000 00401pab a2200157 454500
008 180718b1998 xxu||||| |||| 00| 0 eng d
100 _aDobel, J. Patrick
245 _aPolitical prudence and the ethics of leadership
260 _c1998
300 _ap.74-81
362 _aJan-Feb
650 _aEthics
650 _aPolitical leadership
773 _aPublic Administration Review
909 _a36815
999 _c36815
_d36815